000 01108nam a2200289 i 4500
001 195636
003 ES-MaACL
005 20250323063049.0
008 191015b2019 sp ||||| |||| 00| 0 spa d
040 _bspa
_cES-MaACL
100 _aPesántez Rodas, Rodrigo
_9237617
_eaut
245 _aPanorama del ensayo en el Ecuador /
_cestudio de Rodrigo Pesántez Rodas.
260 _aMoalde :
_bTextos Hispanoamericanos,
_c2019.
300 _a183 páginas
_c24 cm
336 _2rdacontent
_atexto
337 _2rdamedia
_asin mediación
338 _2rdacarrier
_avolumen
600 0 4 _9115140
_aVillarroel, Gaspar de
600 0 4 _aEspejo, Eugenio
_9239870
852 _aES-MaACL
_bR.152794
_cDEPOJ
_jN-8975
_hDonación: José J. Labrador Herraiz
_xEncuadernación rústica con solapas
_9204844
903 _969288
_aLabrador Herraiz, José J.
_ednr
942 _cMONOGRAFIA
_n0
999 _c195636
_d195636